banner-ar

التطور التاريخى للانظمة النقدية فى الاقطار العربية / (Record no. 35713)

MARC details
000 -الفاتح
حقل البيانات ثابتة الطول 00780nam a2200229Ia 4500
005 - وقت وتاريخ اخر تعامل مع التسجيلة
رقم الضبط 20240530102948.0
008 - عناصر البيانات ثابتة الطول - معلومات عامة
حقل البيانات ثابتة الطول 140319s9999 xx 000 0 ara d
040 ## - مصدر الفهرسة
وكالة الفهرسة الأصلية GCL /
وكالة النسخ GCL
082 04 - رقم تصنيف ديوى العشرى
رقم التصنيف 332.4956\
رقم المادة ع ت
100 1# - المدخل الرئيسى - إسم شخصى
الإسم الشخصى عبدالمنعم السيد على
245 10 - بيان العنوان
العنوان التطور التاريخى للانظمة النقدية فى الاقطار العربية /
بيان المسئوليه,etc عبدالمنعم السيد على
260 ## - PUBLICATION, DISTRIBUTION, ETC. (IMPRINT)
تاريخ النشر أو التوزيع 1983
300 ## - الوصف المادى
التعداد 471 ص
650 04 - المدخل الاضافى بالموضوع-مصطلح موضوعى
مصطلح موضوعي العالم العربى
650 04 - المدخل الاضافى بالموضوع-مصطلح موضوعى
مصطلح موضوعي تاريخ
650 04 - المدخل الاضافى بالموضوع-مصطلح موضوعى
مصطلح موضوعي السياسة المالية
650 04 - المدخل الاضافى بالموضوع-مصطلح موضوعى
مصطلح موضوعي النقود
650 04 - المدخل الاضافى بالموضوع-مصطلح موضوعى
مصطلح موضوعي البنوك
700 1# - المدخل الاضافى - اسم شخصى
الإسم الشخصى عبدالمنعم السيد على
942 ## - عناصر المدخل الإضافي( كوها)
مصدر التصنيف او مخطط الترفيف Dewey Decimal Classification
Koha [default] item type كتاب
260 ## - PUBLICATION, DISTRIBUTION, ETC. (IMPRINT)
-- [S.N] :
-- مركز دراسات الوحدة العربية ،
Holdings
حالة التراجع حالة الفقد حالة تلف ليس للاعارة المكان المؤقت الموقع الحالى تاريخ الاكتساب اجمالي اﻻعارات رقم الطلب الباركود تاريخ اخر مشاهدة تاريخ تفعيل السعر نوع وعاء كوها
        مكتبة القاهرة الكبرى مكتبة القاهرة الكبرى 03/26/2014   332.4956\م ت 87012 03/26/2014 03/26/2014 كتاب
        مكتبة القاهرة الكبرى مكتبة القاهرة الكبرى 03/26/2014   332.4956\م ت 87013 03/26/2014 03/26/2014 كتاب

Powered By

EGPV